000 00667cam a22002294a 4500
008
020 _a0323037445(pbk.)
049 _aMAIN
090 _aREF QM25
_bATL
245 0 0 _aAtlas of clinical gross anatomy /
_cKenneth P. Moses... [et al.]
260 _aEdinburg :
_bElsevier Mosby,
_c2005.
300 _axiii, 612 p. :
_bcol. ill. ;
_c31 cm.
500 _aIncludes index.
650 0 _aHuman anatomy
_vAtlases.
650 1 2 _aAnatomy
_vAtlases.
700 1 _aMoses, Kenneth P.
907 _a.b10269277
_b07-11-11
_c12-10-09
003
005 20230120191433.0
040 _cNUST
942 _cBOOKS
_kREF QM25
_mATL
999 _c101105
_d101105